000 00427nam a2200181Ia 4500
001 2530
005 20260306144814.0
008 260306t2017||||xx |||||||||||||| ||spa||
041 _aESP
082 _a616.8914
_bO32
100 _aO'Connor, Kevin J.
_eAUT
245 0 _aManual de terapia de juego
260 _c2017
300 _axxi, 587 páginas :
_c28 cm.
650 _aGEN
654 _aCPS
942 _cLIB
_dJUS
_fJUS
_2ddc
_n
999 _c2530
_d2530